00841nam a2200217 a 4500001001000000003000500010005001700015008004100032010001100073011001100084040000900095100003500104245013600139260004100275500006000316502008300376650003000459650003200489650003200521856007000553000112397CHAP20220329144303.0160309s2016 mx a fsm |||||||spa d a108858 a109830 cCHAP1 aPosadas Camacho, Martha Teresa10aEstrategias didácticas para el aprendizaje significativo de la Epistemología/h[En línea]cpor Martha Teresa Posadas Camacho. aChapingo, Méx. :bEl autor,c2016. aPara ver el contenido del material haga clic en la liga aTesis (Maestra en Procesos Educativos) -- UACH. Centro de Educación Continua14aAprendizaje, Teoría del14aConocimiento, Teoría del.14aEnseñanzaxMetodología. aFinding aiduhttp://10.13.5.2/tesis/sist112397.pdfzTeclea aquí